|
|
|
|
| LEADER |
00987nam a22002652a 4500 |
| 001 |
000201443 |
| 003 |
CZ BrMZK |
| 005 |
20141120144244.0 |
| 007 |
ta |
| 008 |
950101s1936 xr f 000 0 cze d |
| 015 |
|
|
|a cnb000795977
|
| 035 |
|
|
|a (OCoLC)85546685
|
| 040 |
|
|
|a ABA001
|b cze
|c BOA001
|d ABA001
|
| 041 |
1 |
|
|a cze
|h ita
|
| 100 |
1 |
|
|a Papini, Giovanni,
|d 1881-1956
|7 jn20000604346
|4 aut
|
| 245 |
1 |
0 |
|a Živý Dante =
|b Dante vivo /
|c Giovanni Papini ; [z italštiny přeložila Nina Tučková]
|
| 246 |
3 |
1 |
|a Dante vivo
|
| 260 |
|
|
|a V Praze :
|b Jos. R. Vilímek,
|c 1936
|
| 300 |
|
|
|a 248 s. ;
|c 22 cm
|
| 490 |
1 |
|
|a Věděním a životem. [Nová řada ;
|v sv. 4]
|
| 830 |
|
0 |
|a Věděním a životem.
|p Nová řada
|0 s
|
| 856 |
4 |
1 |
|u http://www.digitalniknihovna.cz/mzk/uuid/uuid:34df39e0-3d41-11e3-9c86-005056827e51
|y Digitalizovaný dokument
|x NDK
|
| 910 |
|
|
|a BOA001
|b 2-0334.111
|
| 990 |
|
|
|a BK
|
| 996 |
6 |
|
|b 2619928342
|c 2-0334.111
|l MZK
|r Sklad / do 24 hodin
|n 16
|w 000201443
|u 000010
|a 1
|e BOA001
|j MZK50
|s P
|